<?xml version="1.0" encoding="UTF-8"?>
<record
    xmlns:xsi="http://www.w3.org/2001/XMLSchema-instance"
    xsi:schemaLocation="http://www.loc.gov/MARC21/slim http://www.loc.gov/standards/marcxml/schema/MARC21slim.xsd"
    xmlns="http://www.loc.gov/MARC21/slim">

  <leader>01943nam a22002897a 4500</leader>
  <controlfield tag="003">OSt</controlfield>
  <controlfield tag="005">20260511105743.0</controlfield>
  <controlfield tag="008">260428b        |||||||| |||| 00| 0 eng d</controlfield>
  <datafield tag="040" ind1=" " ind2=" ">
    <subfield code="a">TBS</subfield>
    <subfield code="b">EN</subfield>
    <subfield code="c">TBS</subfield>
  </datafield>
  <datafield tag="041" ind1=" " ind2=" ">
    <subfield code="a">eng</subfield>
  </datafield>
  <datafield tag="100" ind1=" " ind2=" ">
    <subfield code="a">Idrissi, Zineb Kamal</subfield>
    <subfield code="9">26910</subfield>
    <subfield code="e">author</subfield>
  </datafield>
  <datafield tag="245" ind1=" " ind2=" ">
    <subfield code="a">Blockchain, IoT and AI in logistics and transportation </subfield>
    <subfield code="b">: a systematic review</subfield>
    <subfield code="c">/ Idrissi, Z. K., Lachgar, M., &amp; Hrimech, H.</subfield>
  </datafield>
  <datafield tag="260" ind1=" " ind2=" ">
    <subfield code="b">Transport Economics and Management,</subfield>
    <subfield code="c">2024</subfield>
  </datafield>
  <datafield tag="300" ind1=" " ind2=" ">
    <subfield code="a">275&#x2013;285 pages.</subfield>
  </datafield>
  <datafield tag="490" ind1=" " ind2=" ">
    <subfield code="v">Volume 2</subfield>
  </datafield>
  <datafield tag="505" ind1=" " ind2=" ">
    <subfield code="a">Delivering the finest products to consumers at the optimal time, in the perfect location, at the right price, and with the highest quality - these are well-known requirements for logistics and transportation. However, in a dynamic context, it is getting more difficult to achieve these needs. There is a transition from traditional to smart supply chains. The highly dynamic logistics market and the complexity of supply chains require new methods, and services. Aspects such as flexibility, adaptability and traceability are becoming more important and can only be accomplished through the integration of new technologies, especially Blockchain and the Internet of Things (IoT), and artificial intelligence( AI). Therefore, this paper aims to conduct a systematic review of the academic literature on Blockchain, IoT and AI in the context of Smart Logistics.</subfield>
  </datafield>
  <datafield tag="630" ind1=" " ind2="0">
    <subfield code="a">B2 PBT The World of Transportation (BiM)</subfield>
    <subfield code="9">26909</subfield>
  </datafield>
  <datafield tag="650" ind1=" " ind2="0">
    <subfield code="a">Transportation</subfield>
    <subfield code="x">Management</subfield>
    <subfield code="9">26913</subfield>
  </datafield>
  <datafield tag="650" ind1=" " ind2="0">
    <subfield code="a">Transportation demand management</subfield>
    <subfield code="9">26915</subfield>
  </datafield>
  <datafield tag="650" ind1=" " ind2="0">
    <subfield code="a">Business logistics</subfield>
    <subfield code="9">2448</subfield>
  </datafield>
  <datafield tag="650" ind1=" " ind2="0">
    <subfield code="a">Innovation/Technology Management</subfield>
    <subfield code="9">26914</subfield>
  </datafield>
  <datafield tag="650" ind1=" " ind2="0">
    <subfield code="a">Management information systems</subfield>
    <subfield code="9">1250</subfield>
  </datafield>
  <datafield tag="700" ind1=" " ind2=" ">
    <subfield code="a">Lachgar, Mohamed</subfield>
    <subfield code="9">26911</subfield>
    <subfield code="e">author</subfield>
  </datafield>
  <datafield tag="700" ind1=" " ind2=" ">
    <subfield code="a">Hrimech, Hamid</subfield>
    <subfield code="9">26912</subfield>
    <subfield code="e">author</subfield>
  </datafield>
  <datafield tag="856" ind1=" " ind2=" ">
    <subfield code="u">https://research-ebsco-com.hub.tbs-education.fr/linkprocessor/plink?id=cc5ff67d-5657-3334-a5c7-ef29a164100f</subfield>
  </datafield>
  <datafield tag="942" ind1=" " ind2=" ">
    <subfield code="2">lcc</subfield>
  </datafield>
  <datafield tag="952" ind1=" " ind2=" ">
    <subfield code="0">0</subfield>
    <subfield code="1">0</subfield>
    <subfield code="2">lcc</subfield>
    <subfield code="4">0</subfield>
    <subfield code="7">0</subfield>
    <subfield code="8">CT</subfield>
    <subfield code="a">TBS</subfield>
    <subfield code="b">TBS</subfield>
    <subfield code="d">2026-05-08</subfield>
    <subfield code="l">0</subfield>
    <subfield code="r">2026-05-08</subfield>
    <subfield code="u">https://research-ebsco-com.hub.tbs-education.fr/linkprocessor/plink?id=cc5ff67d-5657-3334-a5c7-ef29a164100f</subfield>
    <subfield code="w">2026-05-08</subfield>
    <subfield code="y">ARTICLE</subfield>
  </datafield>
  <datafield tag="999" ind1=" " ind2=" ">
    <subfield code="c">5438</subfield>
    <subfield code="d">5438</subfield>
  </datafield>
</record>
